000 00399pab a2200157 454500
008 180718b2009 xxu||||| |||| 00| 0 eng d
100 _aSubramanian, Arvind
245 _aThe world crisis: reforms to prevent a recurrence
260 _c2009
300 _ap.55-58.
362 _a28 Mar
650 _aEconomic recession
773 _aEconomic and Political Weekly
908 _aN
909 _a81857
999 _c81857
_d81857